| 000 | 00920nam a2200241Ia 4500 | ||
|---|---|---|---|
| 003 | GCL | ||
| 005 | 20240530095526.0 | ||
| 008 | 140319s9999 xx 000 0 ara d | ||
| 020 | _a1565640233 | ||
| 040 |
_aGCL / _cGCL |
||
| 082 | 0 | 4 |
_a219.3 _bع د |
| 100 | 1 | _aعبدالمجيد النجار | |
| 245 | 1 | 0 |
_aدور حرية الراى : _bفى الوحدة الفكرية بين المسلمين / _cعبدالمجيد النجار |
| 250 | _aالثانية | ||
| 260 |
_aبيروت : _bالدار العربية للعلوم ، _c2005 |
||
| 300 |
_a88 ص ؛ _c16 سم |
||
| 650 | 0 | 4 | _aالحركات الفكرية عند المسلمين |
| 650 | 0 | 4 | _aالاسلام والاصلاح الدينى |
| 650 | 0 | 4 | _aالاسلام والاصلاح السياسى |
| 650 | 0 | 4 | _aحرية التعبير |
| 650 | 0 | 4 | _aالاسلام - حركات الاحياء والاصلاح والتجديد |
| 942 |
_2ddc _cBK |
||
| 999 |
_c8063 _d8063 |
||